| 000 | 01176cam a2200217 4500 | ||
|---|---|---|---|
| 001 | WB3920-05 | ||
| 008 | 030527n2003 000 0 eng u | ||
| 035 | _a(Sirsi) u122419 | ||
| 245 | _aFuture London retail boom | ||
| 260 | _c2003 | ||
| 490 |
_aRetail Property _v23 May 2003, 1(1) |
||
| 520 | _aResearch by CACI for the Greater London Authority predicts consumer expenditure to rocket by 2016, an increase of £35 billion from 2001 after stripping out the impact of inflation. The increase is partly explained by a forecast of 700 000 extra residents over the 15- year period with the inner boroughs having the highest projected population. London has missed out on the current retail development cycle but there are a number of massive schemes in the pipeline. Full research report is available at http://www.london.gov.uk/mayor/strategies/sds/related_pubs.jsp. CACI Press Release http://www.caci.co.uk/news-details41.htm | ||
| 590 | _aWB | ||
| 650 | _aPOPULATION GROWTH | ||
| 650 | _aRETAIL DEVELOPMENT | ||
| 650 | _aCONSUMER EXPENDITURE | ||
| 650 | _aLONDON | ||
| 650 | _aRETAIL SALES | ||
| 690 | _aPROPERTY-COMMERCIAL PROPERTY-RETAIL PROPERTY | ||
| 942 | _n0 | ||
| 999 |
_c72768 _d72768 |
||